ბათუმის შოთა რუსთაველის სახელმწიფო უნივერსიტეტის ბიბლიოთეკა

უბიხური ენა (ბიბ.ჩანაწერი № 48850)

000 -LEADER
fixed length control field 00934nam a2200241Ia 4500
001 - CONTROL NUMBER
control field 15752
003 - CONTROL NUMBER IDENTIFIER
control field GE_BSU
008 - FIXED-LENGTH DATA ELEMENTS--GENERAL INFORMATION
fixed length control field 181216s||||||||xx |||||||||||||| ||und||
020 ## - INTERNATIONAL STANDARD BOOK NUMBER
International Standard Book Number 9789941461040
040 ## - CATALOGING SOURCE
Transcribing agency GE_BSU
080 ## - UNIVERSAL DECIMAL CLASSIFICATION NUMBER
Universal Decimal Classification number 811.352.3
100 ## - MAIN ENTRY--PERSONAL NAME
Personal name ჯანაშია,რუსუდან
245 ## - TITLE STATEMENT
Title უბიხური ენა
245 ## - TITLE STATEMENT
Statement of responsibility, etc. რედ:მერაბ ჩუხუა
260 ## - PUBLICATION, DISTRIBUTION, ETC.
Place of publication, distribution, etc. თბილისი.
260 ## - PUBLICATION, DISTRIBUTION, ETC.
Name of publisher, distributor, etc. გ.გ
260 ## - PUBLICATION, DISTRIBUTION, ETC.
Date of publication, distribution, etc. 2015
300 ## - PHYSICAL DESCRIPTION
Extent 131გვ;19სმ
520 ## - SUMMARY, ETC.
Summary, etc. საქართველოს კულტურისა და ძეგლთა დაცვის სამინისტრო,სსიპ ჩერქეზული (ადიღეური)კულტურის ცენტრი.
653 ## - INDEX TERM--UNCONTROLLED
Uncontrolled term უბიხური ენა
653 ## - INDEX TERM--UNCONTROLLED
Uncontrolled term ჩერქეზი ხალხის,უბიხების ენა
942 ## - ADDED ENTRY ELEMENTS (KOHA)
Koha item type წიგნი
ეგზემპლარები
Withdrawn status Lost status Damaged status Not for loan Date acquired Barcode Date last seen Price effective from Koha item type
        2018-12-17 39596 2018-12-17 2018-12-17 წიგნი
        2018-12-17 39597 2018-12-17 2018-12-17 წიგნი